|
|
|
|
| LEADER |
00700nam a2200217Ia 4500 |
| 001 |
TDMU_6021 |
| 008 |
210410s9999 xx 000 0 und d |
| 082 |
|
|
|a 372.86072
|
| 090 |
|
|
|b TR105
|
| 100 |
|
|
|a Trần, Đồng Lâm
|
| 245 |
|
0 |
|a Thể dục 2
|
| 245 |
|
0 |
|b Sách giáo viên
|
| 245 |
|
0 |
|c Trần Đồng Lâm
|
| 260 |
|
|
|a H.
|
| 260 |
|
|
|b Giáo dục
|
| 260 |
|
|
|c 2009
|
| 300 |
|
|
|a 147tr
|
| 650 |
|
|
|a Thể dục
|x Dạy và học
|x Tiểu học; Sách lớp 2
|v Giáo viên
|
| 700 |
|
|
|a Trần, Đình Thuận
|
| 856 |
|
|
|u http://lrc.tdmu.edu.vn/opac/search/detail.asp?aID=2&ID=6021
|
| 980 |
|
|
|a Trung tâm Học liệu Trường Đại học Thủ Dầu Một
|